000 00409pab a2200157 454500
008 180718b2005 xxu||||| |||| 00| 0 eng d
100 _aGupta, Dinesh K.
245 _aEnsuring accountability and survival of universities
260 _c2005
300 _ap.4885-887.
362 _a19 Nov
650 _aAccountability
650 _aUniversities
773 _aEconomic and Political Weekly
909 _a67964
999 _c67964
_d67964